[Event "EU-chT Seniors 07th"]
[Site "Dresden"]
[Date "2005.02.19"]
[Round "2"]
[White "Vucenovic, Dragomir"]
[Black "Titz, Heimo"]
[Result "1/2-1/2"]
[WhiteElo "2277"]
[BlackElo "2176"]
[EventDate "2005.02.18"]
[PlyCount "108"]

1.d4 Nf6 2.Nf3 e6 3.g3 c5 4.Bg2 Nc6 5.O-O cxd4 6.Nxd4 Qb6 7.Nb3 d5 8.N1d2 
Be7 9.Nf3 e5 10.e4 d4 11.Ne1 a5 12.Nd3 Be6 13.Bg5 a4 14.Nbc1 a3 15.b3 Rc8 
16.Bd2 Nd7 17.f4 f6 18.Kh1 O-O 19.f5 Bf7 20.g4 Nb4 21.Nxb4 Bxb4 22.Nd3 
Bxd2 23.Qxd2 Rc3 24.Rf3 Rfc8 25.Ne1 Rxf3 26.Bxf3 Rc3 27.Be2 Qc6 28.Bd3 Nc5
29.Qe2 Nxd3 30.cxd3 Qa6 31.Qd2 Qc6 32.Kg1 b5 33.Rd1 b4 34.h3 h6 35.h4 Kf8 
36.Rb1 Ke7 37.Kf1 Be8 38.Kg1 Qd6 39.Rd1 Bb5 40.Qe2 Qc6 41.Kf1 Rc1 42.Kf2 
Rxd1 43.Qxd1 Qc3 44.Ke2 Kd6 45.Qd2 Bc6 46.h5 Kc5 47.Nc2 Bb5 48.Qxc3+ dxc3 
49.Ke3 Ba6 50.Na1 Bb5 51.Nc2 Bd7 52.Na1 Be8 53.Nc2 Bf7 54.Na1 Bg8 1/2-1/2

[Event "EU-chT Seniors 07th"]
[Site "Dresden"]
[Date "2005.02.19"]
[Round "2"]
[White "Wade, Robert Graham"]
[Black "Wilson, Peter JB"]
[Result "1-0"]
[WhiteElo "2164"]
[BlackElo "2123"]
[EventDate "2005.02.18"]
[PlyCount "109"]

1.d4 f5 2.Bf4 d5 3.e3 e6 4.Nf3 Nf6 5.Be2 Bd6 6.Nbd2 O-O 7.O-O c6 8.c4 Ne4 
9.c5 Bc7 10.Bxc7 Qxc7 11.Ne5 Nxd2 12.Qxd2 Nd7 13.f4 Nf6 14.Bf3 Bd7 15.g4 
fxg4 16.Nxg4 Nxg4 17.Bxg4 Rae8 18.Qg2 Re7 19.Rf3 Be8 20.Rg3 Bg6 21.Bf3 Rf6
22.h4 Bf5 23.b4 Qd7 24.a4 Qe8 25.Qe2 Rg6 26.Rg5 h6 27.Rg2 Rxg2+ 28.Qxg2 
Qg6 29.b5 Qxg2+ 30.Bxg2 Bd3 31.Bf1 Bxf1 32.Kxf1 g5 33.hxg5 hxg5 34.fxg5 
Rg7 35.bxc6 bxc6 36.Rb1 Rxg5 37.Rb8+ Kh7 38.Rc8 e5 39.Ke2 exd4 40.exd4 Rg4
41.Ke3 Rg3+ 42.Kf4 Rd3 43.Rc7+ Kg8 44.Ke5 Re3+ 45.Kd6 Re4 46.Rxa7 Rxd4 47.
Kxc6 Rd1 48.Rd7 d4 49.a5 d3 50.a6 Ra1 51.Rxd3 Rxa6+ 52.Kb7 Ra1 53.c6 Rb1+ 
54.Kc8 Kf7 55.Kd7 1-0

[Event "EU-chT Seniors 07th"]
[Site "Dresden"]
[Date "2005.02.19"]
[Round "2"]
[White "Walter, Guenter"]
[Black "Denda, Ronald"]
[Result "1-0"]
[WhiteElo "2271"]
[BlackElo "2051"]
[EventDate "2005.02.18"]
[PlyCount "69"]

1.e4 e5 2.Nf3 Nc6 3.Bb5 Bc5 4.c3 Qe7 5.O-O Nf6 6.d4 Bb6 7.Bg5 h6 8.Bxf6 
gxf6 9.d5 Nd8 10.Nh4 c6 11.Nf5 Qf8 12.Ba4 d6 13.dxc6 Nxc6 14.Bxc6+ bxc6 
15.Nxd6+ Ke7 16.Nxc8+ Rxc8 17.Nd2 Rd8 18.Qe2 h5 19.Nc4 Bc7 20.Ne3 Bb6 21.
Nf5+ Kd7 22.Rfd1+ Kc7 23.Rxd8 Qxd8 24.a4 a5 25.Rd1 Qc8 26.h4 Qe6 27.b4 Qb3
28.bxa5 Bxa5 29.Qd3 Qxc3 30.Qd7+ Kb6 31.Rb1+ Bb4 32.Ne7 Rb8 33.Nxc6 Rb7 
34.Rxb4+ Qxb4 35.Qxb7+ 1-0

[Event "EU-chT Seniors 07th"]
[Site "Dresden"]
[Date "2005.02.19"]
[Round "2"]
[White "Weinwurm, Wolfgang"]
[Black "Brameyer, Hermann"]
[Result "1/2-1/2"]
[WhiteElo "2126"]
[BlackElo "2272"]
[EventDate "2005.02.18"]
[PlyCount "99"]

1.e4 c5 2.Nf3 Nc6 3.d4 cxd4 4.Nxd4 Nf6 5.Nc3 e5 6.Ndb5 d6 7.Bg5 a6 8.Na3 
Be6 9.Nc4 Rc8 10.Nd5 Bxd5 11.Bxf6 gxf6 12.Qxd5 Nb4 13.Qd2 d5 14.exd5 Nxc2+
15.Qxc2 Bb4+ 16.Kd1 Qxd5+ 17.Kc1 O-O 18.Kb1 Rfd8 19.Ne3 Qd4 20.Bc4 Bd2 21.
Rd1 b5 22.Nf5 Qd7 23.Rxd2 Qxd2 24.Qxd2 Rxd2 25.Ne7+ Kg7 26.Nxc8 bxc4 27.a4
Rxf2 28.Ra3 f5 29.Nd6 Rxg2 30.Rg3+ Rxg3 31.hxg3 Kf6 32.Nxc4 h5 33.Kc2 Ke6 
34.Kd3 f6 35.b3 f4 36.gxf4 h4 37.Ke3 h3 38.Kf3 exf4 39.Nd2 Kd5 40.Ne4 f5 
41.Nf2 Kc5 42.Nd3+ Kd4 43.Nxf4 Kc3 44.Kg3 Kxb3 45.a5 Kb4 46.Nd5+ Kxa5 47.
Nc7 Kb4 48.Nxa6+ Kc4 49.Kxh3 Kd4 50.Kg2 1/2-1/2

[Event "EU-chT Seniors 07th"]
[Site "Dresden"]
[Date "2005.02.19"]
[Round "2"]
[White "Wiemer, Juergen"]
[Black "Alter, Helmut"]
[Result "1/2-1/2"]
[WhiteElo "2140"]
[BlackElo "1692"]
[EventDate "2005.02.18"]
[PlyCount "62"]

1.e4 e5 2.Nf3 Nc6 3.d4 exd4 4.Nxd4 Bc5 5.Be3 Qf6 6.c3 d6 7.Bc4 Bd7 8.O-O 
O-O-O 9.a4 Qg6 10.f3 Ne5 11.Be2 f5 12.exf5 Bxf5 13.b4 Bxd4 14.cxd4 Nd3 15.
Bxd3 Bxd3 16.Re1 Nf6 17.Nc3 Kb8 18.Qd2 d5 19.Bf4 Rhe8 20.b5 Bc4 21.a5 Nd7 
22.Bg3 Qf5 23.Re3 h6 24.Rae1 Rxe3 25.Qxe3 Kc8 26.Qf4 Qxf4 27.Bxf4 Nf6 28.
Re7 Rd7 29.Re6 Rd8 30.Bxh6 Kd7 31.Rxf6 gxf6 1/2-1/2

[Event "EU-chT Seniors 07th"]
[Site "Dresden"]
[Date "2005.02.19"]
[Round "2"]
[White "Winiwarter, Felix"]
[Black "Karl, Hans"]
[Result "1/2-1/2"]
[WhiteElo "2204"]
[BlackElo "2284"]
[EventDate "2005.02.18"]
[PlyCount "42"]

1.e4 e5 2.Nc3 Nf6 3.Bc4 Nc6 4.d3 Bc5 5.Nf3 d6 6.Bg5 Na5 7.Nd5 c6 8.Nxf6+ 
gxf6 9.Bh4 Nxc4 10.dxc4 Rg8 11.Qd3 Be6 12.c3 Qe7 13.b4 Bb6 14.O-O Rg4 15.
h3 Rg6 16.Kh2 O-O-O 17.Bg3 d5 18.cxd5 cxd5 19.Nh4 Rgg8 20.Rad1 h5 21.a4 
dxe4 1/2-1/2

[Event "EU-chT Seniors 07th"]
[Site "Dresden"]
[Date "2005.02.20"]
[Round "3"]
[White "Alexandria, Nana"]
[Black "Meier, Wolfgang"]
[Result "1/2-1/2"]
[WhiteElo "2336"]
[BlackElo "2159"]
[EventDate "2005.02.18"]
[PlyCount "93"]

1.d4 Nf6 2.c4 g6 3.Nc3 d5 4.Nf3 Bg7 5.Qa4+ c6 6.cxd5 Nxd5 7.e4 Nb6 8.Qd1 
Bg4 9.Be3 e5 10.d5 O-O 11.Qd2 cxd5 12.exd5 e4 13.Ng5 Re8 14.h3 Bd7 15.h4 
Bg4 16.Bb5 N8d7 17.O-O a6 18.Bxd7 Nxd7 19.Bd4 Ne5 20.Qf4 Bf5 21.Qg3 h6 22.
Ngxe4 Bxe4 23.Nxe4 Qxd5 24.Bxe5 Bxe5 25.Qf3 Qxe4 26.Qxe4 Bh2+ 27.Kxh2 Rxe4
28.Kg3 Rd8 29.Rfd1 Rdd4 30.Rxd4 Rxd4 31.h5 Rd2 32.hxg6 fxg6 33.b4 Rb2 34.
a3 Kf7 35.Rc1 Rb3+ 36.Kf4 Rxa3 37.Rc7+ Kf6 38.Rxb7 Ra4 39.Rb6+ Kg7 40.Ke5 
h5 41.f3 Ra2 42.g4 hxg4 43.fxg4 Kh6 44.Kf4 Rf2+ 45.Kg3 Ra2 46.Rc6 Ra4 47.
Rd6 1/2-1/2

[Event "EU-chT Seniors 07th"]
[Site "Dresden"]
[Date "2005.02.20"]
[Round "3"]
[White "Alter, Helmut"]
[Black "Strand, Karl W"]
[Result "1/2-1/2"]
[WhiteElo "1692"]
[BlackElo "1838"]
[EventDate "2005.02.18"]
[PlyCount "49"]

1.e4 e6 2.d4 d5 3.exd5 exd5 4.Bd3 Bd6 5.Ne2 Ne7 6.O-O O-O 7.Bf4 Bg4 8.f3 
Bf5 9.Bxd6 Qxd6 10.Ng3 Bxd3 11.Qxd3 Nd7 12.Nf5 Nxf5 13.Qxf5 Nf6 14.Nd2 
Rfe8 15.Qd3 Nh5 16.Nb3 Re7 17.Rae1 Rae8 18.Qd2 h6 19.c3 b6 20.Rxe7 Qxe7 
21.g3 Nf6 22.Kf2 Qd7 23.Kg2 Qf5 24.Nc1 Nd7 25.Qd3 1/2-1/2

[Event "EU-chT Seniors 07th"]
[Site "Dresden"]
[Date "2005.02.20"]
[Round "3"]
[White "Beltrami, Nerio"]
[Black "Winiwarter, Felix"]
[Result "0-1"]
[WhiteElo "2089"]
[BlackElo "2204"]
[EventDate "2005.02.18"]
[PlyCount "64"]

1.e4 c5 2.Nf3 Nc6 3.d4 cxd4 4.Nxd4 Nf6 5.Nc3 e5 6.Ndb5 d6 7.Nd5 Nxd5 8.
exd5 Ne7 9.c4 Ng6 10.b4 a6 11.Nc3 Be7 12.Be3 O-O 13.g3 f5 14.Qh5 Bf6 15.
Rc1 Bd7 16.Bh3 e4 17.Kf1 Ne5 18.Ne2 g6 19.Qh6 Nf7 20.Qf4 Bg5 21.Bd4 Rc8 
22.Bg2 Qe7 23.h4 Bxf4 24.gxf4 h5 25.Rh3 Nh6 26.Bb2 b5 27.c5 dxc5 28.bxc5 
Rxc5 29.Ba3 b4 30.Rxc5 Qxc5 31.Bb2 Bb5 32.Ke1 Bxe2 0-1

[Event "EU-chT Seniors 07th"]
[Site "Dresden"]
[Date "2005.02.20"]
[Round "3"]
[White "Bhend, Edwin"]
[Black "Wheeler, John Francis"]
[Result "1/2-1/2"]
[WhiteElo "2240"]
[BlackElo "2220"]
[EventDate "2005.02.18"]
[PlyCount "53"]

1.e4 e5 2.Nc3 Nc6 3.g3 Nf6 4.Bg2 g6 5.d3 Bg7 6.Nge2 d6 7.h3 Be6 8.Nd5 h6 
9.c4 Nd4 10.Nxd4 exd4 11.O-O O-O 12.Nf4 Bd7 13.Ne2 c5 14.f4 Qc8 15.Kh2 Rb8
16.g4 b5 17.b3 bxc4 18.bxc4 Bc6 19.Ng3 Rb6 20.Rf2 Qb7 21.h4 Nd7 22.h5 Rb8 
23.hxg6 fxg6 24.Bh3 Qc7 25.g5 Nf8 26.gxh6 Bxh6 27.Qc2 1/2-1/2

[Event "EU-chT Seniors 07th"]
[Site "Dresden"]
[Date "2005.02.20"]
[Round "3"]
[White "Bold, Konrad"]
[Black "Boehlig, Heinz"]
[Result "1/2-1/2"]
[WhiteElo "2161"]
[BlackElo "2256"]
[EventDate "2005.02.18"]
[PlyCount "92"]

1.e4 c5 2.c3 Nf6 3.e5 Nd5 4.Nf3 e6 5.Bc4 b6 6.O-O Bb7 7.d3 Be7 8.Nbd2 O-O 
9.Ne4 d6 10.exd6 Bxd6 11.Nxd6 Qxd6 12.Bxd5 Qxd5 13.d4 Rd8 14.Be3 Qe4 15.
Re1 Rd7 16.Re2 Nc6 17.Qc2 Qxc2 18.Rxc2 cxd4 19.Nxd4 Rad8 20.f3 Ne7 21.Re1 
e5 22.Nb3 f6 23.Kf2 Nf5 24.Rd2 Nxe3 25.Kxe3 Rxd2 26.Nxd2 Kf7 27.Rc1 Ke6 
28.c4 f5 29.Rc3 f4+ 30.Ke2 Rd7 31.Rd3 Rxd3 32.Kxd3 g5 33.b4 g4 34.Ne4 gxf3
35.gxf3 Bc6 36.h4 h6 37.a3 Be8 38.c5 bxc5 39.Nxc5+ Kd5 40.a4 Bh5 41.Ke2 
Kc4 42.Ne4 Kxb4 43.Nf6 Bf7 44.Ng4 Bc4+ 45.Kd2 Kxa4 46.Nxh6 Bd5 1/2-1/2

[Event "EU-chT Seniors 07th"]
[Site "Dresden"]
[Date "2005.02.20"]
[Round "3"]
[White "Brameyer, Hermann"]
[Black "Luetje, Juergen"]
[Result "1/2-1/2"]
[WhiteElo "2272"]
[BlackElo "2164"]
[EventDate "2005.02.18"]
[PlyCount "118"]

1.d4 d5 2.Nf3 Nf6 3.c4 c6 4.Nc3 Bf5 5.cxd5 cxd5 6.Qb3 Qb6 7.Nxd5 Qxb3 8.
Nxf6+ exf6 9.axb3 Bc2 10.e3 Bxb3 11.Bb5+ Nd7 12.O-O a6 13.Bd2 Bd6 14.e4 
Rc8 15.Rac1 Ke7 16.Bd3 Rhe8 17.Rc3 Rxc3 18.Bxc3 Nb6 19.Nd2 Be6 20.d5 Bd7 
21.Bd4 Na4 22.b3 Nc5 23.Bb1 a5 24.f4 Bb5 25.e5 Bxf1 26.Kxf1 fxe5 27.fxe5 
Bxe5 28.Bxe5 f6 29.Bc7 Ra8 30.Bxh7 b5 31.d6+ Kf7 32.Bc2 a4 33.b4 Ne6 34.
Bb6 Rc8 35.Be4 a3 36.Bd5 a2 37.Bxa2 Rc2 38.Bxe6+ Kxe6 39.Ke2 Kxd6 40.Kd3 
Ra2 41.Bc5+ Kd5 42.h3 Ra3+ 43.Ke2 Rg3 44.Kf2 Rc3 45.Bf8 g6 46.Be7 f5 47.
Nf3 Rd3 48.Nh4 Ke6 49.Bg5 Kf7 50.Nf3 Rb3 51.Ne5+ Ke6 52.Nxg6 Rxb4 53.Nf4+ 
Kf7 54.Nd3 Ra4 55.Bd2 Re4 56.g3 Kg6 57.Kf3 Kh7 58.g4 Rd4 59.Ke3 Re4+ 
1/2-1/2

[Event "EU-chT Seniors 07th"]
[Site "Dresden"]
[Date "2005.02.20"]
[Round "3"]
[White "Braun, Gottfried"]
[Black "Kelchner, Hans"]
[Result "1/2-1/2"]
[WhiteElo "2331"]
[BlackElo "2149"]
[EventDate "2005.02.18"]
[PlyCount "86"]

1.e4 g6 2.d4 Bg7 3.Nf3 c6 4.Bd3 d5 5.Nbd2 Bg4 6.c3 Nd7 7.exd5 cxd5 8.Qb3 
Nb6 9.a4 a5 10.Bb5+ Kf8 11.O-O e6 12.Re1 Ne7 13.Ne5 h5 14.Nf1 Bf5 15.Ne3 
Bf6 16.Nxf5 Nxf5 17.Bd3 Kg7 18.Bf4 Rc8 19.Re2 Re8 20.Rae1 Re7 21.h3 Nd6 
22.Qc2 Nf5 23.g4 Nxd4 24.cxd4 Rxc2 25.Rxc2 hxg4 26.hxg4 g5 27.Bd2 Nd7 28.
Bb5 Nf8 29.Rec1 Ng6 30.Rc8 Qb6 31.Be3 Qd6 32.Nxg6 fxg6 33.Kg2 e5 34.dxe5 
Qxe5 35.Bc5 Rf7 36.f3 Qf4 37.Bf2 Be5 38.R8c3 Qh2+ 39.Kf1 Bxc3 40.Rxc3 Qh1+
41.Ke2 Re7+ 42.Re3 Rxe3+ 43.Bxe3 Kf7 1/2-1/2

[Event "EU-chT Seniors 07th"]
[Site "Dresden"]
[Date "2005.02.20"]
[Round "3"]
[White "Chaikovskaia, Alla"]
[Black "Simmchen, Werner"]
[Result "0-1"]
[WhiteElo "2031"]
[BlackElo "2125"]
[EventDate "2005.02.18"]
[PlyCount "48"]

1.d4 e6 2.c4 f5 3.Nc3 Nf6 4.g3 Be7 5.Bg2 d6 6.Nf3 O-O 7.O-O a5 8.Qc2 Nc6 
9.Rd1 Qe8 10.e4 Nb4 11.Qe2 fxe4 12.Nxe4 Qh5 13.a3 Nc6 14.Qe1 Nxe4 15.Qxe4 
e5 16.dxe5 dxe5 17.Qd5+ Kh8 18.Re1 Bg4 19.Nd2 Rad8 20.Qb5 Bf6 21.Ne4 Nd4 
22.Qa4 Nf3+ 23.Bxf3 Bxf3 24.h4 Qg4 0-1

[Event "EU-chT Seniors 07th"]
[Site "Dresden"]
[Date "2005.02.20"]
[Round "3"]
[White "Colombo, Paolo"]
[Black "Baumgartner, Heinz"]
[Result "1-0"]
[WhiteElo "2161"]
[BlackElo "2338"]
[EventDate "2005.02.18"]
[PlyCount "71"]

1.d3 d5 2.c3 e5 3.Qc2 c5 4.e4 Nc6 5.Be2 Be6 6.Nf3 Be7 7.O-O h6 8.Nbd2 Nf6 
9.Re1 d4 10.Nf1 Qd7 11.Bd2 O-O 12.Ng3 Nh7 13.a3 Ng5 14.Nxe5 Nxe5 15.f4 Nc6
16.fxg5 hxg5 17.Rf1 g6 18.Qc1 f6 19.b4 dxc3 20.Bxc3 Nd4 21.Qb2 Kg7 22.Bd1 
Rac8 23.Ne2 Nb5 24.Bd2 Qxd3 25.Bxg5 c4 26.Rf3 Qxe4 27.Re3 Qf5 28.Nf4 Nc7 
29.Bc2 Qxg5 30.Rxe6 Nxe6 31.Nxe6+ Kh6 32.Nxg5 fxg5 33.Rf1 c3 34.Qb3 Bf6 
35.g3 Rce8 36.Qc4 1-0

[Event "EU-chT Seniors 07th"]
[Site "Dresden"]
[Date "2005.02.20"]
[Round "3"]
[White "Degenhardt, Norbert"]
[Black "Wiemer, Juergen"]
[Result "1-0"]
[WhiteElo "2134"]
[BlackElo "2140"]
[EventDate "2005.02.18"]
[PlyCount "99"]

1.e4 e5 2.f4 d6 3.Bc4 Nc6 4.Nf3 Bg4 5.c3 Na5 6.Be2 Nc6 7.O-O Be7 8.d4 exd4
9.cxd4 Qd7 10.Nc3 f5 11.d5 Nd8 12.e5 Bxf3 13.Rxf3 c6 14.Rd3 dxe5 15.dxc6 
Qxc6 16.fxe5 Bc5+ 17.Kh1 Ne7 18.Rg3 O-O 19.Bf3 Qe6 20.Bf4 Rc8 21.Nd5 Ndc6 
22.Nxe7+ Nxe7 23.Bxb7 Rc7 24.Qb3 Qxb3 25.Rxb3 Bb6 26.Bf3 Ng6 27.Be3 Bxe3 
28.Rxe3 Rd8 29.Bd1 Rd2 30.Bb3+ Kf8 31.g3 Ke7 32.Rf3 Nxe5 33.Rxf5 Re2 34.
Kg1 g6 35.Kf1 Re3 36.Rf2 Rd7 37.Re2 Rxe2 38.Kxe2 Rd4 39.Ke3 Rb4 40.Rf1 a5 
41.Kd2 a4 42.Kc3 Re4 43.Bd1 Rc4+ 44.Kd2 h5 45.Rf4 Rxf4 46.gxf4 Ng4 47.Bxg4
hxg4 48.Ke3 Ke6 49.Ke4 Kd6 50.f5 1-0

[Event "EU-chT Seniors 07th"]
[Site "Dresden"]
[Date "2005.02.20"]
[Round "3"]
[White "Denda, Ronald"]
[Black "Hamm, Georg"]
[Result "1/2-1/2"]
[WhiteElo "2051"]
[BlackElo "2166"]
[EventDate "2005.02.18"]
[PlyCount "41"]

1.e4 d6 2.d4 g6 3.c3 Bg7 4.f4 d5 5.exd5 Qxd5 6.Qf3 Qd6 7.Nd2 c6 8.Bc4 Nf6 
9.Ne4 Nxe4 10.Qxe4 O-O 11.Nf3 Bf5 12.Qe3 Nd7 13.Nh4 Nb6 14.Nxf5 gxf5 15.
Bb3 Rac8 16.O-O Nd5 17.Bxd5 cxd5 18.Qh3 Qg6 19.Rf3 Qg4 20.Bd2 Rc6 21.Re1 
1/2-1/2

[Event "EU-chT Seniors 07th"]
[Site "Dresden"]
[Date "2005.02.20"]
[Round "3"]
[White "Dorawa, Bernhard"]
[Black "Betz, Egon"]
[Result "1-0"]
[WhiteElo "2066"]
[BlackElo "2031"]
[EventDate "2005.02.18"]
[PlyCount "57"]

1.e4 c5 2.Nc3 Nc6 3.g3 g6 4.Bg2 Bg7 5.d3 e6 6.Be3 Nd4 7.Qd2 Ne7 8.Nd1 d6 
9.c3 Ndc6 10.f4 b5 11.Nf3 Rb8 12.O-O b4 13.Nf2 O-O 14.Rfd1 Qa5 15.d4 Ba6 
16.cxb4 cxb4 17.d5 exd5 18.exd5 Nd8 19.Bxa7 Rb5 20.Nd4 Rb7 21.Nb3 Qa4 22.
Bd4 Bxd4 23.Nxd4 Bc4 24.b3 Qa6 25.bxc4 Qxc4 26.Nb3 Qa6 27.Rac1 Re8 28.Ne4 
Nf5 29.Nf6+ 1-0

[Event "EU-chT Seniors 07th"]
[Site "Dresden"]
[Date "2005.02.20"]
[Round "3"]
[White "Dorsch, Baptist"]
[Black "Schroeder, Christian"]
[Result "1-0"]
[WhiteElo "1691"]
[BlackElo "2079"]
[EventDate "2005.02.18"]
[PlyCount "105"]

1.d4 Nf6 2.Nf3 e6 3.Bf4 b6 4.e3 Bb7 5.Nbd2 Be7 6.h3 O-O 7.Be2 c5 8.c3 d5 
9.O-O Nc6 10.Ne5 Nxe5 11.Bxe5 Re8 12.Bb5 Rf8 13.Bxf6 Bxf6 14.Bd3 e5 15.
dxe5 Bxe5 16.Qh5 f5 17.Bxf5 Rxf5 18.Qxf5 Bc7 19.f4 Qe7 20.Rae1 Re8 21.Nf3 
g6 22.Qc2 Bc8 23.Qd2 Bb7 24.Qd3 Rd8 25.Qc2 Bc8 26.e4 d4 27.cxd4 cxd4 28.e5
d3 29.Qc3 b5 30.Rd1 b4 31.Qc1 Bb6+ 32.Kh1 Ba6 33.Qd2 Bb5 34.b3 a5 35.Rfe1 
Qe6 36.Rc1 Ba6 37.Ng5 Qd5 38.e6 Re8 39.Re5 Qd4 40.Re4 Qd5 41.Re5 Qd4 42.
Nf3 Qd6 43.Rce1 Re7 44.f5 gxf5 45.Qg5+ Kh8 46.Qf6+ Kg8 47.Rxf5 h6 48.Qxh6 
Rg7 49.Rg5 Rxg5 50.Qxg5+ Kh8 51.Qf6+ Kg8 52.Qf7+ Kh8 53.e7 1-0

[Event "EU-chT Seniors 07th"]
[Site "Dresden"]
[Date "2005.02.20"]
[Round "3"]
[White "Duemmke, Juergen"]
[Black "Anguera Maestro, Jaime"]
[Result "0-1"]
[WhiteElo "2136"]
[BlackElo "2159"]
[EventDate "2005.02.18"]
[PlyCount "60"]

1.d4 Nf6 2.Nf3 g6 3.Bg5 Bg7 4.Nbd2 d5 5.e3 O-O 6.Bd3 Nbd7 7.O-O c5 8.c3 b6
9.Qe2 Bb7 10.Rfd1 Ne4 11.Bf4 f6 12.Nxe4 dxe4 13.Bc4+ Kh8 14.Nd2 g5 15.Bg3 
f5 16.Qh5 f4 17.exf4 gxf4 18.Bh4 cxd4 19.cxd4 Nf6 20.Qg5 Qd6 21.Rac1 e3 
22.fxe3 fxe3 23.Bg3 exd2 24.Bxd6 dxc1=Q 25.Rxc1 exd6 26.Bd3 Ne4 27.Qe3 
Rae8 28.Bb5 Re7 29.Bc6 Bxc6 30.Rxc6 Ng3 0-1

[Event "EU-chT Seniors 07th"]
[Site "Dresden"]
[Date "2005.02.20"]
[Round "3"]
[White "Edwards, Raymond"]
[Black "Barnstedt, Dietrich"]
[Result "0-1"]
[WhiteElo "2104"]
[BlackElo "2147"]
[EventDate "2005.02.18"]
[PlyCount "76"]

1.d4 Nf6 2.c4 g6 3.Nc3 d5 4.cxd5 Nxd5 5.Na4 Bg7 6.e4 Nf6 7.Nc3 O-O 8.Nf3 
c5 9.d5 Bg4 10.Be2 Nbd7 11.O-O Rc8 12.Be3 a6 13.a4 Qb6 14.Qc2 e6 15.h3 
Bxf3 16.Bxf3 Ne5 17.Be2 exd5 18.exd5 Rfd8 19.f4 Ned7 20.Bf3 Re8 21.Bf2 Qb4
22.g3 c4 23.Rfe1 Nc5 24.Na2 Qxa4 25.Qxa4 Nxa4 26.d6 Nxb2 27.Bxb7 Rxe1+ 28.
Rxe1 Rd8 29.Rb1 Ne8 30.Bxa6 Nxd6 31.Nb4 Ne4 32.Rc1 Nxf2 33.Kxf2 Rd2+ 34.
Ke3 c3 35.Rc2 Bd4+ 36.Kf3 f5 37.Be2 Bc5 38.Rxd2 cxd2 0-1

[Event "EU-chT Seniors 07th"]
[Site "Dresden"]
[Date "2005.02.20"]
[Round "3"]
[White "Eis, Helko"]
[Black "Wade, Robert Graham"]
[Result "1/2-1/2"]
[WhiteElo "2121"]
[BlackElo "2164"]
[EventDate "2005.02.18"]
[PlyCount "21"]

1.d4 Nf6 2.Nf3 d6 3.c4 c6 4.Nc3 Bg4 5.h3 Bh5 6.e4 Qb6 7.e5 dxe5 8.dxe5 
Nfd7 9.e6 fxe6 10.Be2 Bxf3 11.Bxf3 1/2-1/2

[Event "EU-chT Seniors 07th"]
[Site "Dresden"]
[Date "2005.02.20"]
[Round "3"]
[White "Eskandary, Jahja"]
[Black "Khmiadashvili, Tamari"]
[Result "0-1"]
[WhiteElo "2146"]
[BlackElo "2257"]
[EventDate "2005.02.18"]
[PlyCount "112"]

1.e4 c6 2.d4 g6 3.Nc3 Bg7 4.Be3 d5 5.f3 h5 6.Qd2 Nh6 7.h3 f5 8.exd5 cxd5 
9.O-O-O Nc6 10.Nge2 Be6 11.Nf4 Bf7 12.Qf2 g5 13.Nfe2 f4 14.Bd2 h4 15.Nb1 
Nf5 16.c3 Rc8 17.Na3 Ncxd4 18.Kb1 Nc6 19.Nc1 Ng3 20.Rg1 Nxf1 21.Rgxf1 O-O 
22.Be1 e5 23.Qe2 Qe7 24.Nc2 Rfe8 25.Bf2 e4 26.Bd4 Nxd4 27.Nxd4 Qc7 28.Qb5 
a6 29.Qa4 Ra8 30.Nce2 b5 31.Qb3 Rad8 32.Rfe1 exf3 33.gxf3 Re3 34.Rg1 Bf6 
35.a4 bxa4 36.Qxa4 a5 37.Ka1 Kh8 38.Rg2 Rde8 39.Rd2 Kh7 40.Qb5 Qc8 41.Rh2 
Qc4 42.Qxc4 dxc4 43.Rf2 Bg6 44.Nc2 Rd3 45.Ned4 Bxd4 46.cxd4 Bf5 47.Na3 
Re1+ 48.Ka2 Be6 49.Rxd3 cxd3+ 50.b3 a4 51.Kb2 axb3 52.Kc3 Ra1 53.Nb5 Rc1+ 
54.Kb2 Rc2+ 55.Rxc2 bxc2 56.Kc1 Bxh3 0-1

[Event "EU-chT Seniors 07th"]
[Site "Dresden"]
[Date "2005.02.20"]
[Round "3"]
[White "Eyer, Karl"]
[Black "Crombleholme, Alan"]
[Result "1/2-1/2"]
[WhiteElo "1889"]
[BlackElo "2098"]
[EventDate "2005.02.18"]
[PlyCount "35"]

1.e4 c5 2.Nc3 Nc6 3.g3 g6 4.Bg2 Bg7 5.d3 e6 6.Be3 d6 7.Nge2 Nd4 8.O-O Ne7 
9.Qd2 O-O 10.Rae1 Bd7 11.Nd1 Qc7 12.c3 Nxe2+ 13.Rxe2 Rae8 14.Bh6 d5 15.
Bxg7 Kxg7 16.Rfe1 dxe4 17.dxe4 Bb5 18.c4 1/2-1/2

[Event "EU-chT Seniors 07th"]
[Site "Dresden"]
[Date "2005.02.20"]
[Round "3"]
[White "Farrand, Julian"]
[Black "Villing, Dieter"]
[Result "0-1"]
[WhiteElo "2216"]
[BlackElo "2211"]
[EventDate "2005.02.18"]
[PlyCount "57"]

1.d4 Nf6 2.Nc3 d5 3.Bg5 Bf5 4.Bxf6 exf6 5.e3 c6 6.Bd3 Qd7 7.Nge2 Na6 8.a3 
Nc7 9.O-O Be7 10.Ng3 Bg6 11.b4 O-O 12.f4 Bxd3 13.Qxd3 a5 14.Na4 Qd8 15.c3 
Nb5 16.Nc5 b6 17.Nb3 axb4 18.axb4 Re8 19.Rxa8 Qxa8 20.Ra1 Qc8 21.c4 dxc4 
22.Qxc4 Qe6 23.Qxe6 fxe6 24.Nd2 Bxb4 25.Nc4 Rb8 26.Ra6 c5 27.Ne2 cxd4 28.
exd4 Nxd4 29.Nc3 0-1

[Event "EU-chT Seniors 07th"]
[Site "Dresden"]
[Date "2005.02.20"]
[Round "3"]
[White "Golcman, Evgeny"]
[Black "Appelt, Gerd"]
[Result "1-0"]
[WhiteElo "2336"]
[BlackElo "2196"]
[EventDate "2005.02.18"]
[PlyCount "115"]

1.c4 f5 2.Nc3 Nf6 3.Nf3 d6 4.d4 g6 5.g3 Bg7 6.Bg2 O-O 7.O-O c6 8.Qc2 Qc7 
9.d5 e5 10.dxe6 Bxe6 11.b3 Na6 12.Bb2 Rfe8 13.Rad1 Rad8 14.Qb1 Nc5 15.Qa1 
Nfe4 16.Nxe4 Nxe4 17.e3 Bxb2 18.Qxb2 Qg7 19.Qa3 c5 20.Rd3 a6 21.Nd2 Bc8 
22.Qa5 Qb2 23.Nxe4 fxe4 24.Bxe4 Qf6 25.Bg2 Bg4 26.Qd2 b5 27.Bd5+ Kh8 28.f4
Bf5 29.Rc3 b4 30.Rcc1 Be4 31.Bxe4 Rxe4 32.Rcd1 h5 33.Rfe1 h4 34.Re2 a5 35.
Kf2 hxg3+ 36.hxg3 Kg7 37.Qb2 Qxb2 38.Rxb2 Kf7 39.Rbd2 Re6 40.Rd5 Ke7 41.
Kf3 a4 42.e4 Ra8 43.e5 dxe5 44.fxe5 axb3 45.axb3 Rc6 46.Ke4 Ra2 47.Rd7+ 
Ke8 48.Rd8+ Ke7 49.R1d7+ Ke6 50.Rd6+ Rxd6 51.Rxd6+ Kf7 52.Rf6+ Kg7 53.Kd5 
Re2 54.Rf3 g5 55.Kxc5 Rxe5+ 56.Kxb4 Kg6 57.c5 g4 58.Rd3 1-0

[Event "EU-chT Seniors 07th"]
[Site "Dresden"]
[Date "2005.02.20"]
[Round "3"]
[White "Gruzmann, Boris"]
[Black "Turikov, Viktor"]
[Result "0-1"]
[WhiteElo "2271"]
[BlackElo "2351"]
[EventDate "2005.02.18"]
[PlyCount "64"]

1.e4 c5 2.Nf3 Nc6 3.d4 cxd4 4.Nxd4 Nf6 5.Nc3 e6 6.Ndb5 d6 7.Bf4 e5 8.Bg5 
a6 9.Na3 b5 10.Nd5 Be7 11.Nxe7 Qxe7 12.c4 b4 13.Nc2 h6 14.Bxf6 Qxf6 15.
Nxb4 Nd4 16.Nd5 Qh4 17.Nc7+ Kd8 18.Nxa8 Qxe4+ 19.Kd2 Qxa8 20.f3 Qb7 21.Kc3
a5 22.b3 Be6 23.Bd3 Ke7 24.a3 Rb8 25.Rb1 Qc7 26.Re1 Kf8 27.b4 Rc8 28.Rc1 
axb4+ 29.axb4 Bxc4 30.Kd2 d5 31.Bxc4 dxc4 32.Kc3 Nb5+ 0-1

[Event "EU-chT Seniors 07th"]
[Site "Dresden"]
[Date "2005.02.20"]
[Round "3"]
[White "Hagen, Horst"]
[Black "Reuben, Stewart"]
[Result "1-0"]
[WhiteElo "1926"]
[BlackElo "2147"]
[EventDate "2005.02.18"]
[PlyCount "67"]

1.d4 Nf6 2.c4 e6 3.Nf3 c5 4.d5 exd5 5.cxd5 d6 6.Nc3 g6 7.e4 Bg7 8.Be2 O-O 
9.O-O Na6 10.Nd2 Nc7 11.a4 b6 12.Nc4 Re8 13.f3 Rb8 14.Bf4 Bf8 15.Nb5 Nxb5 
16.axb5 Ra8 17.Ra3 a5 18.Bg5 Be7 19.Bh6 Qc7 20.e5 Nh5 21.f4 Ng7 22.Bxg7 
Kxg7 23.f5 Bxf5 24.Rxf5 gxf5 25.Qd2 Kh8 26.Rh3 Bf8 27.exd6 Bxd6 28.Qh6 f6 
29.Nxd6 Rxe2 30.Qxf6+ Qg7 31.Nf7+ Kg8 32.Rg3 Re1+ 33.Kf2 Qxg3+ 34.hxg3 1-0

[Event "EU-chT Seniors 07th"]
[Site "Dresden"]
[Date "2005.02.20"]
[Round "3"]
[White "Harzer, Paul"]
[Black "Planas Ferret, Rossen"]
[Result "1/2-1/2"]
[WhiteElo "2123"]
[BlackElo "2233"]
[EventDate "2005.02.18"]
[PlyCount "87"]

1.d4 d5 2.e3 Nf6 3.Bd3 e6 4.Nd2 c5 5.c3 Nc6 6.Ngf3 Be7 7.O-O O-O 8.dxc5 
Bxc5 9.e4 dxe4 10.Nxe4 Be7 11.Bg5 h6 12.Nxf6+ Bxf6 13.Bxf6 Qxf6 14.Qe2 Rd8
15.Rad1 b6 16.Be4 Bb7 17.Rd2 Rxd2 18.Nxd2 Rd8 19.Rd1 Qf4 20.Bf3 Qa4 21.a3 
Qc2 22.Nc4 Rxd1+ 23.Qxd1 Qxd1+ 24.Bxd1 Kf8 25.Bf3 Ke7 26.Kf1 Ba6 27.Bxc6 
Bxc4+ 28.Ke1 Kd6 29.Bf3 f5 30.Kd2 e5 31.g3 e4 32.Bd1 Ke5 33.f4+ exf3 34.
Bxf3 g5 35.Ke3 f4+ 36.gxf4+ gxf4+ 37.Kf2 Bb3 38.Bc6 a5 39.Bd7 Ke4 40.Bb5 
a4 41.Ba6 Bd1 42.Bb5 Bb3 43.Ba6 Bd1 44.Bb5 1/2-1/2

[Event "EU-chT Seniors 07th"]
[Site "Dresden"]
[Date "2005.02.20"]
[Round "3"]
[White "Hecht, Hans Joachim"]
[Black "Lenk, Wolfgang"]
[Result "1-0"]
[WhiteElo "2381"]
[BlackElo "2193"]
[EventDate "2005.02.18"]
[PlyCount "83"]

1.d4 g6 2.c4 Nf6 3.Nc3 Bg7 4.e4 d6 5.Nf3 O-O 6.Be2 e5 7.O-O Nc6 8.d5 Ne7 
9.Nd2 Ne8 10.b4 f5 11.f3 f4 12.Nb3 g5 13.Bd2 Ng6 14.c5 Kh8 15.Rc1 Rf7 16.
Be1 Bf8 17.Bf2 h5 18.Nb5 a6 19.Na3 Nf6 20.cxd6 Bxd6 21.Nc5 Rg7 22.Nc4 g4 
23.Ne6 Bxe6 24.dxe6 g3 25.hxg3 fxg3 26.Bxg3 h4 27.Bh2 Nh5 28.f4 Nhxf4 29.
Bf3 Nxe6 30.Ne3 Nd4 31.Nf5 Nxf5 32.exf5 Nf4 33.Bxf4 exf4 34.Bxb7 Rb8 35.
Qh5+ Rh7 36.Qf3 Qf6 37.Bd5 Rxb4 38.Rfe1 Rb8 39.Kh1 Be5 40.Rc6 Qg7 41.Rg6 
Qe7 42.Qg4 1-0